Zweiter Weltkrieg - Multiple Choice - Statistiken

Allgemein
  • Dieses Quiz wurde 15.180 mal gespielt
  • Das Durchschnittsergebnis liegt bei 9 aus 15
Antwortstatistiken
Frage Antwort % Korrekt
Wie starb Hitler? Suizid
95%
Haben die Deutschen jemals Moskau eingenommen? Nein
93%
Was war die Rolle von Joseph Goebbels im Nazi-Regime? Minister für Propaganda
84%
Was war der Name der amerikanischen Anstrengungen, eine Atombombe zu bauen? Das Manhattan Projekt
79%
Was war der Codename für die deutsche Invasion auf die Sowjetunion? Unternehmen Barbarossa
79%
Vor der Machtergreifung der Nazis war die deutsche Regierung als die Weimarer Republik bekannt. Wer oder was ist Weimar? Eine Stadt
74%
Welches Land unterschrieb einen Nicht-Angriffspakt mit Deutschland im August 1939? Sowjetunion
68%
Mit welcher Maschine verschlüsselten die Deutschen ihre Nachrichten (ohne Erfolg)? Enigma Maschine
64%
Welches dieser Länder kämpfte im Zweiten Weltkrieg nicht? Irland
62%
Wer war Befehlshaber des Deutschen Afrikakorps? Erwin Rommel
61%
Ungefähr 70 Millionen Menschen starben durch den Zweiten Weltkrieg. Wie viel Prozent davon waren von den Vereinigten Staaten? 0.6%
40%
Als Japan 1945 kapitulierte, welche dieser Städte war noch unter ihrer Kontrolle? Alle der obigen
39%
Wie viele Flugzeugträger zerstörte Japan während ihres Angriffs auf Pearl Harbor? Keine
32%
Der Fall welcher Stadt bedeutete 80.000 britische und allierte Gefangene? Singapur
28%
Welche der folgenden Aussagen kommt nicht von Winston Churchill? Wir haben nichts zu befürchten außer die Furcht selbst
21%
Keine übereinstimmenden Quizze gefunden
Verteilung der Resultate
Anzahl Personen mit jedem Resultat
Perzentil nach korrekt beantworteten Fragen
Ihre Resultats-Entwicklung
Sie haben dieses Quiz noch nicht gespielt